Večery na slamníku : sólové výstupy, zpovědi, banality, sentimentality /

Bibliographic Details
Main Author: John, Jaromír, 1882-1952
Format: Book
Language:Czech
Published: Praha : Čs. spis, 1982.
Edition:Vyd. 14., v Čs 6.
Series:Slunovrat. Ilustrovana rada.

MARC

Tag First Indicator Second Indicator Subfields
LEADER 00000cam a2200000 a 4500
001 in00001402853
005 20151020053049.0
008 830112s1982 cs a 000 0 cze d
035 |a (OCoLC)09120396 
035 |9 AHM6886AM 
040 |a CLE  |c CLE  |d TXA  |d UtOrBLW 
049 |a TXAM 
090 |a PG5038.J64  |b V4 1982 
100 1 |a John, Jaromír,  |d 1882-1952. 
245 1 0 |a Večery na slamníku :  |b sólové výstupy, zpovědi, banality, sentimentality /  |c Jaromír John ; [il. Josef Lada]. 
250 |a Vyd. 14., v Čs 6. 
264 1 |a Praha :  |b Čs. spis,  |c 1982. 
300 |a 387 pages :  |b illustrations ;  |c 17 cm. 
336 |a text  |b txt  |2 rdacontent 
337 |a unmediated  |b n  |2 rdamedia 
338 |a volume  |b nc  |2 rdacarrier 
490 1 |a Slunovrat. Ilustrovaná řada 
541 0 |a Donated by Mr. and Mrs. Peter Lampa. 
830 0 |a Slunovrat.  |p Ilustrovana rada. 
999 |a MARS 
999 f f |s 6268be59-3a6e-3843-bc6e-b3a7ca306c64  |i 76e474ab-46f1-3890-bad5-d3af6781fc41  |t 0 
952 f f |p ric  |a Texas A&M University  |b Rellis Campus  |c Joint Library Facility  |d Remote Storage  |t 0  |e PG5038.J64 V4 1982  |h Library of Congress classification  |i unmediated -- volume  |m A14822018165 
998 f f |a PG5038.J64 V4 1982  |t 0  |l Remote Storage